000 00444nam a2200157Ia 4500
003 LK-CoDNM
008 010623t1999 xxu||||| |||| 00| 1 sin d
040 _aLK-CoDNM
_dLK-CoDNM
_eLK-CoDNM
041 _asin
080 _aX 398 JAN
245 _aජන කාව්‍ය සංග්‍ර‍හය
246 _aJana Kavya Sangrahaya
260 _bManawahithawadee Lekaka Parsadaya
_aNugegoda
_c1999
300 _b153p, 21 cm
942 _cBK
999 _c119571
_d119571